Score 0/34 Timer 04:00
0 Plays Today
FIRST NAME LAST NAME % Correct
HarrisonFord
98.4%
DorisDay
97%
Sir IsaacNewton
96.5%
LarryBird
95.9%
NicolasCage
95.6%
JudeLaw
93.1%
Sigourney Weaver
90.8%
UsainBolt
83.4%
TinaTurner
76.7%
H. G.Wells
74.9%
SharonStone
72.1%
JimmyPage
65.6%
BennyHill
65.4%
KeithMoon
62.9%
PeteRose
61.3%
ChuckBerry
52.9%
JeremyIrons
52.5%
FIRST NAME LAST NAME % Correct
RandyMoss
49.7%
EricaJong
49.1%
EmilyPost
48.5%
BarryBonds
47.2%
JohnnyCash
46.6%
RobertFrost
45.6%
NeilDiamond
44.1%
ManRay
41.7%
VincentPrice
38.6%
DennisHopper
37.4%
EzraPound
35.5%
TomCruise
32.2%
AmyTan
31.8%
BillyIdol
31.5%
BenStein
28.5%
B. F.Skinner
25.9%
RogerWaters
24.9%

Today's Daily Dose

Remove Ads.
Support Sporcle.
Get the best of Sporcle when you Go Orange. This ad-free experience offers more features, more stats, and more fun while also helping to support Sporcle. Thank you for becoming a member.

You're not logged in!

Compare scores with friends on all Sporcle quizzes.
OR
Log In

Show Comments

Extras

Top Quizzes Today


Score Distribution

Your Account Isn't Verified!

In order to create a playlist on Sporcle, you need to verify the email address you used during registration. Go to your Sporcle Settings to finish the process.

Report this User

Report this user for behavior that violates our Community Guidelines.

Details: